| 000 | 00428nam a2200181Ia 4500 | ||
|---|---|---|---|
| 001 | 23863 | ||
| 005 | 20260414151005.0 | ||
| 008 | 260414t2009||||xx |||||||||||||| ||spa|| | ||
| 041 | _aESP | ||
| 082 |
_a720.103 _bR25 |
||
| 100 |
_aRapoport, Amos, _eAUT |
||
| 245 | 0 |
_aCultura, arquitectura y diseño _b |
|
| 260 | _c2009 | ||
| 300 |
_a212 páginas : _c24 cm. |
||
| 650 | _aABD | ||
| 654 | _aCAU | ||
| 942 |
_cLIB _dJUS _fJUS _2ddc _n |
||
| 999 |
_c23863 _d23863 |
||